[Event "DMP Ekstraliga 2020"]
[Site "Krakow"]
[Date "2020.09.01"]
[Round "7.20"]
[White "Bartel, Mateusz"]
[Black "Teclaf, Pawel"]
[Result "1/2-1/2"]
[WhiteElo "2643"]
[BlackElo "2454"]
[Annotator "TA"]
[PlyCount "51"]
[EventDate "2020.08.26"]
[EventType "team-tourn"]
[EventCountry "POL"]
[SourceTitle "playchess.com"]
[Source "ChessBase"]
[SourceQuality "1"]
[WhiteTeam "Polonia Wroclaw"]
[BlackTeam "UKS 21 Podlesie"]

{[%evp 14,51,11,7,6,-24,-15,-56,-51,-55,-52,-60,-61,-112,-108,-124,-103,-129,-102,-140,-27,-90,0,0,0,0,-13,0,0,0,26,0,0,-16,0,-33,-35,-73,-68,-103]} 1. c4 Nf6 2. g3 c6 3. Nf3 d5 4. d4 g6 5. Bg2 Bg7 6. Nbd2 O-O 7. O-O a5 $1 {[%mdl 4] outshines the older 7...Bf5.} 8. b3 a4 {D78: Fianchetto Grünfeld: 6 0-0 c6.} 9. b4 Ne4 {[#]} 10. Ba3 $146 ({Predecessor:} 10. e3 Bg4 11. Qc2 Bf5 12. Nxe4 Bxe4 13. Qe2 Nd7 14. Ba3 dxc4 15. Qxc4 e5 16. Rad1 exd4 17. Nxd4 {0-1 (53) Gasic Merino,F (2189)-Lopez Silva,H (2413) Santiago de Chile 2019}) 10... Nxd2 11. Nxd2 Bxd4 12. Rc1 Be6 13. Nf3 (13. cxd5 $15 Bxd5 14. Qc2) 13... Bf6 $17 14. Nd4 Bxd4 $1 15. Qxd4 dxc4 16. Qh4 Nd7 {[#]} (16... b5 $17 17. Bb2 f6) 17. Rfd1 {[#]} (17. b5 $1 $11 {[%mdl 512]}) 17... Qe8 {[#]} ({Better is} 17... Re8 $1 $17) 18. b5 $1 $36 {[%cal Rb5c6][%mdl 2560] White has good play.} Nf6 (18... cxb5 19. Bxe7) 19. bxc6 bxc6 20. Qd4 Ra6 21. Rb1 Nd7 22. Rb7 {[%cal Rb7d7]} c5 23. Qc3 Rd6 24. Rdb1 Qd8 25. h4 Nf6 {aiming for ...Rd1+.} 26. Bf3 {Accuracy: White = 42%, Black = 75%.} 1/2-1/2

[Event "DMP Ekstraliga 2020"]
[Site "Krakow"]
[Date "2020.09.01"]
[Round "7.21"]
[White "Barski, Radoslaw"]
[Black "Gumularz, Szymon"]
[Result "1/2-1/2"]
[WhiteElo "2444"]
[BlackElo "2506"]
[Annotator "TA"]
[PlyCount "66"]
[EventDate "2020.08.26"]
[EventType "team-tourn"]
[EventCountry "POL"]
[SourceTitle "playchess.com"]
[Source "ChessBase"]
[SourceQuality "1"]
[WhiteTeam "UKS 21 Podlesie"]
[BlackTeam "Polonia Wroclaw"]

{[%evp 11,66,24,26,47,44,38,40,29,48,45,45,22,29,31,37,21,29,16,25,15,40,25,43,46,48,0,0,0,0,-51,-30,-56,-50,-49,85,92,101,71,104,0,14,0,0,-5,0,-53,-53,-51,0,0,0,0,0,0,0,0,0]} 1. d4 d6 2. e4 Nf6 3. Nc3 e5 4. Nf3 exd4 5. Nxd4 Be7 6. g3 O-O 7. Bg2 {C41: Philidor Defence.} Re8 8. O-O Bf8 9. b3 {White is slightly better.} Nbd7 10. Bb2 Nc5 {[%cal Rc5e4]} 11. Re1 c6 12. Qd2 a5 13. h3 a4 14. Rad1 {[#]} axb3 $146 ({Predecessor:} 14... Qb6 15. Kh1 Bd7 16. g4 axb3 17. axb3 g6 18. f4 h6 19. Bf3 Bg7 20. Qg2 Qb4 {0-1 (49) Berczes,C (2371)-Vajda,L (2539) Balatonlelle 2004}) 15. axb3 Bd7 16. g4 g6 17. f4 $36 {[%mdl 2048] White has some pressure.} Qc7 18. g5 Nh5 19. Bf3 Ng7 20. Ndb5 (20. Kh2 $11) 20... Qb6 {White must now prevent ...Na4+.} 21. Qf2 d5 $1 ({Don't blunder} 21... cxb5 $2 22. Nd5 $18) 22. b4 Na4 (22... Bxh3 $15 {keeps the upper hand.} 23. Rb1 d4 24. Nxd4 Qxb4) 23. Qxb6 $16 Nxb6 24. Nc7 {[%mdl 64] Double Attack} Nc4 {[#]} 25. Nxe8 (25. Ba1 $1 $16) 25... Bxe8 26. Ba1 Bxb4 27. exd5 {Hoping for Ne4.} Rxa1 $1 28. Ne4 (28. Rxa1 $11 Bxc3 29. dxc6 bxc6 30. Rxe8+ Nxe8 31. Ra8 Bd4+ 32. Kf1) 28... Rxd1 $15 29. Nf6+ $1 {[%mdl 64] [#] Discovered Attack} Kf8 ({Black should play} 29... Kh8 $1 $15 30. Rxd1 cxd5 31. Rxd5 Be7 32. Nxe8 Nxe8) 30. Nxh7+ $11 {The position is equal.} Kg8 31. Nf6+ Kf8 32. Nh7+ Kg8 33. Nf6+ Kf8 {Accuracy: White = 80%, Black = 84%.} 1/2-1/2

[Event "DMP Ekstraliga 2020"]
[Site "Krakow"]
[Date "2020.09.01"]
[Round "7.22"]
[White "Tazbir, Marcin"]
[Black "Kosakowski, Jakub"]
[Result "0-1"]
[WhiteElo "2510"]
[BlackElo "2418"]
[Annotator "TA"]
[PlyCount "112"]
[EventDate "2020.08.26"]
[EventType "team-tourn"]
[EventCountry "POL"]
[SourceTitle "playchess.com"]
[Source "ChessBase"]
[SourceQuality "1"]
[WhiteTeam "Polonia Wroclaw"]
[BlackTeam "UKS 21 Podlesie"]

{[%evp 13,112,-9,-14,-16,-4,-50,-4,-70,-79,-64,-83,-111,-102,-105,-99,-134,-121,-103,-66,-66,-66,-69,-66,-75,-67,-67,-54,-69,-56,-42,-14,-8,-9,-11,-11,-11,-11,-14,-12,-12,-12,-12,-12,-12,-12,-16,-16,-16,-16,-16,-16,-16,-16,-18,-20,-16,-16,-16,-17,-29,-33,-25,0,0,0,0,0,-14,-17,-118,-118,-1008,-612,-29975,-29976,-29997,-579,-600,-553,-1110,-1135,-1110,-1096,-903,-904,-944,-861,-5197,-4768,-29976,-29971,-29981,-29982,-29982,-29983,-29983,-29984,-29984,-29983,-29986,-29987]} 1. c4 Nf6 2. g3 g6 3. Bg2 Bg7 4. Nc3 O-O 5. d4 d6 6. e3 e5 7. Nge2 Re8 8. h3 {is the legacy move (8.0-0). E61: King's Indian: Early deviations for White, including Smyslov System.} c6 9. d5 {[#]} e4 $146 ({Predecessor:} 9... cxd5 10. cxd5 h5 11. e4 Bd7 12. Bg5 b5 13. Qd2 a5 14. f3 Na6 15. g4 Qb8 {½-½ (52) Rakhmanov,A (2627)-Cheparinov,I (2712) Ankara 2018}) 10. g4 (10. O-O $11) 10... cxd5 11. cxd5 Na6 12. g5 Nh5 13. Nxe4 Bf5 14. N2c3 Bxc3+ $1 15. Nxc3 Nf4 16. O-O Nxg2 17. Kxg2 Qxg5+ 18. Kh2 $1 {Strongly threatening e4.} Qh4 19. Qf3 Nc5 20. Qg3 Qxg3+ (20... Qc4 {seems wilder.} 21. Rd1 Ne4 22. Qf4 Re5 23. f3 g5) 21. Kxg3 Ne4+ 22. Nxe4 Bxe4 ({Much weaker is} 22... Rxe4 $6 23. f3 $16) 23. f3 Bxd5 24. Rd1 Bc6 25. Rxd6 Rad8 26. Rd2 f5 27. h4 Kf7 28. b3 h6 29. Kf4 Ke6 30. Rg2 Rg8 31. Bb2 g5+ 32. hxg5 hxg5+ 33. Rxg5 Rxg5 34. Kxg5 Bxf3 $11 {[%mdl 4096] Endgame KRB-KRB} 35. Bd4 Rg8+ 36. Kh4 Rg4+ 37. Kh3 Kd5 38. Bxa7 Ke4 {Threatens to win with ...Bg2+.} 39. Rc1 Be2 40. Rc7 Kf3 {( -> ...Bf1+)} 41. Rc1 {[#]} (41. Kh2 $11) 41... b6 $1 $17 {[%mdl 1536] aiming for ...Rg7. Black has strong compensation.} 42. Bb8 $2 {[%mdl 8192] [#] This move loses the game for White.} (42. Rc3 $17) (42. Bxb6 Rg6) 42... Kf2 $1 $19 {Hoping for ...Rg5.} 43. Bc7 {[#]} Rg5 $1 {[%cal Rg5h5]} 44. Bd8 Rh5+ (44... Bg4+ $142 45. Kh2 Rh5+ 46. Bh4+ Rxh4#) 45. Bh4+ Kxe3 46. a4 Kf4 47. b4 Bg4+ 48. Kg2 Rxh4 {KRB-KR} 49. Rc3 Rh6 50. a5 bxa5 51. bxa5 Rd6 {Black mates.} 52. Ra3 Rd2+ 53. Kf1 Bf3 54. Ke1 Re2+ 55. Kf1 Kg3 56. a6 Rd2 {Accuracy: White = 64%, Black = 86%.} 0-1

[Event "DMP Ekstraliga 2020"]
[Site "Krakow"]
[Date "2020.09.01"]
[Round "7.23"]
[White "Dzierzak, Radoslaw"]
[Black "Wieczorek, Oskar"]
[Result "0-1"]
[WhiteElo "2273"]
[BlackElo "2493"]
[Annotator "TA"]
[PlyCount "150"]
[EventDate "2020.08.26"]
[EventType "team-tourn"]
[EventCountry "POL"]
[SourceTitle "playchess.com"]
[Source "ChessBase"]
[SourceQuality "1"]
[WhiteTeam "UKS 21 Podlesie"]
[BlackTeam "Polonia Wroclaw"]
[WhiteTeamCountry "POL"]

{[%evp 12,150,20,-6,31,32,24,33,32,32,47,0,0,0,0,0,4,0,18,0,0,0,11,11,0,0,0,-61,-60,-56,-49,-42,-39,-44,-37,-74,-74,-89,-89,-85,-87,-83,-69,-69,-69,-73,-69,-69,-73,-76,-69,-69,-69,-69,-69,-69,-69,-69,-20,-59,-20,-59,-20,-59,-59,-59,-59,-59,0,-59,0,-59,-59,-59,-20,-25,-25,-25,-25,-25,-25,-25,-25,-25,-25,-25,-25,-25,-25,-25,-25,-25,-25,-25,-25,-25,-25,-25,-25,-25,-25,-12845,-12849,-12848,-12847,-12845,0,0,0,-1992,0,0,0,0,-8,-8,-8,-29959,-29959,-29948,0,-14,0,-29952,-29955,-29959,-29961,-29955,-29961,-29959,-29960,-29965,-29967,-29968,-29970,-29975,-29976,-29976,-29976,-29977,-29977]} 1. e4 c5 2. Nf3 e6 3. d4 cxd4 4. Nxd4 a6 5. Nc3 b5 6. Be2 Bb7 7. Bf3 d6 {B43: Sicilian: Kan Variation: 5 Nc3.} 8. O-O Nd7 9. a4 b4 {White is slightly better.} 10. Na2 $1 Ngf6 11. Re1 a5 12. c3 bxc3 $1 13. Nxc3 Be7 14. g3 O-O {[#]} 15. Bg2 $146 ({Predecessor:} 15. Ndb5 Ne5 16. Bg2 Qb8 17. f4 Nc6 18. Be3 Nb4 19. Bd4 e5 20. Be3 Rd8 21. Nd5 Bxd5 22. exd5 {1-0 (36) Priya Panneer,R (2129)-Amrutha,M (2159) Pune 2007}) 15... Nc5 16. Ndb5 h6 17. b3 Qb8 18. Ba3 Rd8 19. b4 (19. Qc2 $11) 19... axb4 $15 20. Bxb4 d5 21. exd5 Nxd5 22. Nxd5 Bxd5 23. Bxd5 Rxd5 24. Qc2 Nxa4 25. Bxe7 Qxb5 26. Re4 {[%cal Ra1a4]} Qd7 27. Bf6 gxf6 28. Rg4+ Kh8 {Strongly threatening ...Rd4.} 29. Rgxa4 Rxa4 30. Qxa4 Qxa4 31. Rxa4 {[%mdl 4096] Endgame KR-KR} f5 32. Kg2 Kg7 33. Ra8 Rd4 34. Rb8 f4 35. Ra8 Rb4 36. Rc8 Ra4 37. Rb8 h5 38. Rb5 Kg6 39. Rb8 Kg7 40. Rb5 Kg6 41. Rb8 $1 fxg3 42. hxg3 h4 43. gxh4 Rxh4 44. Rb5 f6 45. f3 e5 46. Ra5 Rb4 47. Kg3 Kg5 48. Rc5 Rb3 49. Ra5 Kf5 50. Rc5 Rb6 51. Ra5 Ke6 52. Rc5 Ra6 53. Rb5 f5 54. Rc5 Ra2 55. Rc6+ Kd5 56. Rf6 $2 {[%mdl 8192]} (56. Rb6 $11) 56... f4+ $19 57. Kg4 Kd4 58. Rb6 Ke3 $2 (58... Rg2+ $1 $19 59. Kf5 Ra2) 59. Rb3+ $1 $11 Kf2 60. Rc3 $2 {[%mdl 8192]} (60. Rb5 $11) 60... Rd2 $2 ({Black should try} 60... Ra8 $19 61. Rc2+ Ke3 62. Rc3+ Ke2 63. Rc2+ Kd3) 61. Ra3 Kg2 62. Rb3 Re2 63. Ra3 Kh2 {And now ...Rg2+ would win.} 64. Rb3 $2 {[%mdl 8192]} (64. Ra5 $11) 64... Rg2+ $1 65. Kf5 Re2 $2 (65... Kg3 {mates} 66. Kxe5 Re2+ 67. Kf5 Re3 $1 {[%mdl 512]} 68. Rb7 Ra3 69. Rb4 Rxf3 70. Rb8 Rc3 71. Rg8+ Kf3 72. Kg5 Rc5+ 73. Kh4 Rc1 74. Rf8 Rg1 75. Rf6 Rg8 76. Rf7 Rh8+ 77. Kg5 Kg3 78. Rg7 f3 79. Kf6+ Kf2 80. Kf7 Ke1 81. Rg6 Rh7+ 82. Kf8 Rh4 83. Re6+ Kf1 84. Ke7 Rb4 85. Rd6 f2 86. Rd2 Ke1 87. Ra2 Re4+ 88. Kd6 Rd4+ 89. Ke5 Rd2 90. Ra1+ Rd1 91. Ra4 f1=Q 92. Re4+ Kd2 93. Ke6 Qa6+ 94. Ke5 Qb5+ 95. Ke6 Qe8+ 96. Kf5 Rf1+ 97. Rf4 Qf7+ 98. Ke5 Qxf4+ 99. Ke6 Qf6+ 100. Kd7 Re1 101. Kc8 Re7 102. Kd8 Qf8#) 66. Kg4 $1 Rg2+ $2 {[%mdl 8192]} (66... Kg1 $11) 67. Kf5 Kg3 {Black mates.} 68. Kxe5 Re2+ 69. Kf5 {[#]} Re3 $1 {[%mdl 512]} 70. Rb1 Ra3 71. Ke4 {[#]} Ra4+ $1 72. Kf5 Kxf3 73. Rb3+ Kg2 74. Rb2+ Kg3 75. Rb1 f3 {Accuracy: White = 78%, Black = 87%.} 0-1

[Event "DMP Ekstraliga 2020"]
[Site "Krakow"]
[Date "2020.09.01"]
[Round "7.24"]
[White "Zawadzka, Jolanta"]
[Black "Sliwicka, Alicja"]
[Result "1-0"]
[WhiteElo "2419"]
[BlackElo "2317"]
[Annotator "TA"]
[PlyCount "119"]
[EventDate "2020.08.26"]
[EventType "team-tourn"]
[EventCountry "POL"]
[SourceTitle "playchess.com"]
[Source "ChessBase"]
[SourceQuality "1"]
[WhiteTeam "Polonia Wroclaw"]
[BlackTeam "UKS 21 Podlesie"]

{[%evp 9,119,41,44,37,42,33,45,37,41,35,25,53,46,26,57,12,62,59,58,43,48,51,39,46,50,39,69,66,68,-2,166,175,162,164,152,166,423,414,420,416,385,84,84,0,0,0,0,-16,170,166,168,25,26,17,51,0,96,100,87,70,73,19,96,117,280,310,314,263,401,385,384,385,458,446,477,453,485,485,447,400,391,387,407,396,388,385,779,782,795,786,29971,1196,29968,1105,1970,1955,1553,1485,1491,1211,29960,29957,29956,29957,29952,29950,11954,11909,5598,5314,2531,1676]} 1. e4 e5 2. Nf3 Nc6 3. Bb5 a6 4. Ba4 Nge7 5. c3 g6 6. d4 {C70: Ruy Lopez: 3...a6 4 Ba4, Norwegian and Delayed Schliemann.} exd4 7. cxd4 b5 8. Bc2 {White is slightly better.} Bg7 9. O-O d6 10. h3 O-O 11. Re1 {[#]} Re8 $146 ({Predecessor:} 11... Bb7 12. Nc3 Qd7 13. a4 b4 14. Ne2 Na5 15. Ng3 Rad8 16. Bg5 h6 17. Bf4 c5 {0-1 (107) Hellers,F (2592)-Moroni,L (2532) chess.com INT 2020}) 12. Bf4 Na5 13. Nc3 Nc4 14. b3 Na3 15. Bd3 c5 16. Rc1 Bb7 17. Qd2 Rc8 18. Bh6 Bh8 19. Qf4 (19. Bg5 $14) 19... cxd4 $2 {[#]} (19... Nc6 $1 $11 {and Black has nothing to worry.}) 20. Ng5 $1 $18 {[%csl Gg5][%cal Rf4f7]} f6 21. Ne6 $1 {[%csl LRd4,LRd8]} Qd7 22. Nxd4 Rxc3 $2 (22... Rc7 {was necessary.} 23. Nce2 Rxc1 24. Rxc1 (24. Qxc1 b4 $16) 24... b4) 23. Rxc3 Nd5 24. exd5 Rxe1+ 25. Bf1 $2 (25. Kh2 $18) 25... f5 $16 26. Rd3 (26. Rc6 $16 Bxc6 27. dxc6) 26... Re4 $1 $36 {[%cal Re4f4][%mdl 2048] Black fights for an advantage.} (26... Bxd5 27. Nxf5 Qxf5 28. Qxf5 $16) 27. Qd2 {Black must now prevent Nxf5!} Nb1 $1 {[%cal Rb1d2]} 28. Qb2 Qf7 $2 ({Don't play} 28... Bxd5 $6 29. Qxb1 Rxd4 30. Rxd4 $16) (28... Qe7 $11) 29. f3 $18 Re1 30. Qf2 (30. Be3 $18) 30... Re8 $1 $11 31. Qc2 Na3 $1 ({Not} 31... Qxd5 $2 32. Nxb5 Qc6 33. Qxc6 $18) 32. Qc1 (32. Qd2 $1 $14) 32... b4 (32... Qxd5 $11 {keeps the balance.} 33. Nxf5 Qxf5 34. Qxa3 d5) 33. Nc6 $16 a5 34. Rd1 Bc3 35. Bf4 ({White should play} 35. Kh1 $16) 35... Qd7 (35... Qc7 $11) 36. Nxa5 {White now steadily converts the win.} Nb5 $2 (36... Qc7 $16 37. Nxb7 Qxb7) 37. Kh1 $18 Ba8 {[#]} 38. Nc6 $1 {[%mdl 512]} Nc7 (38... Na3 $142 39. Bd2 Bxd2 40. Rxd2 Qc7) (38... Bxc6 39. dxc6) 39. Bc4 Bb7 40. Bd2 Bf6 41. Bxb4 g5 42. Bc3 Qg7 43. Bxf6 Qxf6 44. Re1 Rxe1+ 45. Qxe1 Bxc6 46. dxc6+ d5 47. Bd3 f4 $2 (47... Qxc6 48. a4 Qf6) 48. b4 Qxc6 49. Qe7 {[%mdl 64] Double Attack} Qc3 50. Bxh7+ Kh8 51. Bg6 (51. Bf5 $142 Kg8 52. Bg6 Qa1+ {[#]} 53. Kh2 $1 {[%mdl 512]} Qg7 54. Qd8+ Qf8 55. Qxc7 Qf6 56. b5) 51... Qg7 52. Qd8+ Qg8 53. Qxg5 {Threatening mate with Qh6+.} Qf8 54. Bf5 {White threatens Qh5+ and mate.} Qxb4 55. Qd8+ Kg7 56. Qxc7+ Kf6 57. Bd3 ({Stronger than} 57. Qc2 Qe1+ 58. Kh2 Qg3+ 59. Kh1 Qe1+ 60. Kh2 Qg3+ 61. Kh1 Qe1+ $11) 57... Qe1+ 58. Kh2 {White is clearly winning.} Qg3+ 59. Kg1 Qe1+ 60. Bf1 {Accuracy: White = 69%, Black = 55%.} 1-0

[Event "DMP Ekstraliga 2020"]
[Site "Krakow"]
[Date "2020.09.01"]
[Round "7.25"]
[White "Gajewski, Grzegorz"]
[Black "Antoniewski, Rafal"]
[Result "1-0"]
[WhiteElo "2616"]
[BlackElo "2490"]
[Annotator "TA"]
[PlyCount "71"]
[EventDate "2020.08.26"]
[EventType "team-tourn"]
[EventCountry "POL"]
[SourceTitle "playchess.com"]
[Source "ChessBase"]
[SourceQuality "1"]
[WhiteTeam "HETMAN Katowice"]
[BlackTeam "Wrzos Miedzyborow"]

{[%evp 18,71,19,8,6,-17,19,2,28,19,24,21,26,19,25,25,26,27,34,27,36,29,44,16,31,24,26,32,132,72,191,194,162,189,312,318,301,292,337,337,296,126,178,178,178,178,219,37,893,893,712,541,637,634,416,352]} 1. c4 b6 2. d4 Bb7 3. Nc3 Nf6 4. Bg5 e6 5. e3 Be7 6. Nf3 O-O 7. Be2 d5 8. Bxf6 Bxf6 9. cxd5 exd5 10. b4 c6 {[#] D55: Queen's Gambit Declined: 4 Bg5 Be7: Lines without ...h6 and 6...h6 7 Bxf6.} 11. a4 $5 $146 {[%mdl 8] New and interesting.} ({Predecessor:} 11. O-O a5 12. b5 c5 13. Ne5 Qd6 14. f4 Rd8 15. Bf3 Ra7 16. Rc1 g6 17. Qb3 c4 18. Qc2 {0-1 (29) Ernst,T (2335)-Andersson,T (2390) Eskilstuna 2019}) 11... a6 12. O-O b5 {The position is equal.} 13. a5 Re8 14. Na2 {[%cal Bc3a2,Ba2c1,Bc1d3][%mdl 32]} Nd7 {[%cal Bb8d7,Bd7f6,Bf6e4][%mdl 32]} 15. Rb1 Be7 16. Nc1 Nf6 17. Nd3 Ne4 {White should prevent ...Nc3.} 18. Rc1 Bd6 19. Nfe5 Rc8 20. Bg4 {Hoping for f3.} Rc7 21. f3 Ng5 22. f4 $36 {[%mdl 2048] White has good play.} f6 (22... Ne4 $14) 23. Nxc6 ({Much worse is} 23. fxg5 $6 fxe5 24. dxe5 Bxe5 $11) (23. Bd7 $142 $1) 23... Bxc6 (23... Rxc6 $16 24. fxg5 fxg5) 24. fxg5 $18 fxg5 25. Qf3 {Threatens to win with Rxc6!} Bb7 (25... Rf8 {is a better defense.} 26. Qh3 Kh8) 26. Rxc7 Qxc7 27. Nc5 {Strongly threatening Bd7.} Bxc5 28. bxc5 {Threatening mate with Be6+!} ({Weaker is} 28. dxc5 Qe7 $16) 28... Qe7 {[#]} 29. h3 (29. e4 $1 $18 {[%mdl 512]}) 29... Rd8 (29... Bc6 $16 {keeps fighting.}) 30. Kh1 Bc6 31. Qf5 b4 32. e4 $2 ({Better is} 32. Qe6+ $18 Qxe6 33. Bxe6+ Kh8 34. Rb1) 32... Bb5 $2 {[%mdl 8192] This costs Black the game.} (32... dxe4 $14 33. Qe6+ Qxe6 34. Bxe6+ Kh8) 33. Qe6+ Qxe6 34. Bxe6+ Kh8 35. Rb1 dxe4 {[#]} 36. d5 $1 {Accuracy: White = 73%, Black = 48%.} 1-0

[Event "DMP Ekstraliga 2020"]
[Site "Krakow"]
[Date "2020.09.01"]
[Round "7.26"]
[White "Cyborowski, Lukasz"]
[Black "Socko, Bartosz"]
[Result "1/2-1/2"]
[WhiteElo "2508"]
[BlackElo "2601"]
[Annotator "TA"]
[PlyCount "66"]
[EventDate "2020.08.26"]
[EventType "team-tourn"]
[EventCountry "POL"]
[SourceTitle "playchess.com"]
[Source "ChessBase"]
[SourceQuality "1"]
[WhiteTeam "Wrzos Miedzyborow"]
[BlackTeam "HETMAN Katowice"]

{[%evp 11,66,0,0,0,3,8,0,8,20,10,12,4,23,26,19,13,14,14,11,0,12,8,6,0,10,0,8,4,10,0,0,0,0,0,0,0,0,-18,-17,-22,0,0,0,-11,0,0,0,0,0,0,0,0,0,0,0,0,0]} 1. d4 Nf6 2. Nf3 e6 3. c4 b6 4. Bf4 Bb7 5. e3 Be7 6. h3 O-O 7. Be2 {E12: Queen's Indian: Unusual White 4th moves, 4 a3, 4 Nc3 Bb7 5 a3 and 4 Nc3 Bb7 .} d5 8. O-O dxc4 9. Bxc4 c5 10. dxc5 Bxc5 11. Nc3 Nc6 12. Qe2 Qe7 {[#]} 13. Ba6 $146 {The position is equal.} ({Predecessor:} 13. Bg5 h6 14. Bh4 g5 15. Bg3 Rfd8 16. Rac1 Rac8 17. a3 Bd6 18. Bxd6 Rxd6 19. Ba6 {½-½ (28) Makhnev,D (2442)-Agmanov,Z (2354) Porto Carras 2018}) 13... Bxa6 14. Qxa6 Nb4 15. Qe2 Nbd5 16. Nxd5 Nxd5 17. Bg3 Qb7 18. Rfd1 Rfd8 19. Rac1 Rac8 20. a3 Be7 21. e4 Nf6 22. Rxd8+ Bxd8 23. Rxc8 Qxc8 24. Bh4 h6 25. e5 Nd5 (25... g5 {looks sharper.} 26. Bg3 Nd5 27. h4 Qc1+ 28. Kh2 Be7) 26. Bxd8 Qxd8 27. Qc4 Ne7 28. Kh2 Ng6 29. h4 Qb8 30. Qc3 Qb7 31. Qc4 Qb8 32. Qc3 Qb7 33. Qc4 Qb8 {Not much happened in this game. Accuracy: White = 100%, Black = 100%.} 1/2-1/2

[Event "DMP Ekstraliga 2020"]
[Site "Krakow"]
[Date "2020.09.01"]
[Round "7.27"]
[White "Miton, Kamil"]
[Black "Nurkiewicz, Maciej"]
[Result "1/2-1/2"]
[WhiteElo "2590"]
[BlackElo "2326"]
[Annotator "RC"]
[PlyCount "71"]
[EventDate "2020.08.26"]
[EventType "team-tourn"]
[EventCountry "POL"]
[SourceTitle "playchess.com"]
[Source "ChessBase"]
[SourceQuality "1"]
[WhiteTeam "HETMAN Katowice"]
[BlackTeam "Wrzos Miedzyborow"]
[TimeControl "30/5400+30:1800+30"]

1. d4 {[%emt 0:00:00]} Nf6 {[%emt 0:00:00]} 2. c4 {[%emt 0:00:00]} c5 {[%emt 0:00:00]} 3. Nf3 {[%emt 0:00:01]} e6 {[%emt 0:01:40]} 4. Nc3 {[%emt 0:02:49]} a6 {[%emt 0:09:24]} 5. e4 {[%emt 0:11:44]} cxd4 {[%emt 0:00:42]} 6. Nxd4 {[%emt 0:00:06]} Qc7 {[%emt 0:01:01]} 7. Be2 {[%emt 0:02:54]} Be7 {[%emt 0:04:35]} 8. O-O {[%emt 0:01:11]} O-O {[%emt 0:00:15]} 9. Be3 {[%emt 0:05:29]} d6 {[%emt 0:00:29]} 10. Qd2 {[%emt 0:02:47]} Nbd7 {[%emt 0:00:48]} 11. f3 {[%emt 0:01:30]} b6 {[%emt 0:00:35]} 12. Rfc1 {[%emt 0:16:03]} Bb7 {[%emt 0:00:35]} 13. b4 {[%emt 0:00:55]} Rac8 {[%emt 0:08:34]} 14. Na4 {[%emt 0:00:49]} Qb8 {[%emt 0:04:36]} 15. Rab1 {[%emt 0:00:40]} Rfe8 {[%emt 0:12:04]} 16. Kh1 {[%emt 0:02:50]} Bd8 {[%emt 0:19:43]} 17. Bg1 {[%emt 0:08:02]} Qa8 {[%emt 0:03:17]} 18. Bf1 {[%emt 0:02:49]} Bc7 {[%emt 0:04:17]} 19. c5 {[%emt 0:06:46]} dxc5 {[%emt 0:01:21]} 20. bxc5 {[%emt 0:00:36]} bxc5 {[%emt 0:00:19]} 21. Nxc5 {[%emt 0:01:09]} Nxc5 {[%emt 0:00:15]} 22. Rxc5 {[%emt 0:00:13]} Nd7 {[%emt 0:08:18]} 23. Rc2 {[%emt 0:03:21]} Be5 {[%emt 0:01:00]} 24. Nb3 {[%emt 0:01:59]} Rxc2 {[%emt 0:02:43]} 25. Qxc2 {[%emt 0:00:06]} Bc6 {[%emt 0:03:33]} 26. Na5 {[%emt 0:03:26]} Bb5 {[%emt 0:00:08]} 27. Bxb5 {[%emt 0:01:19]} axb5 {[%emt 0:00:06]} 28. Rxb5 {[%emt 0:00:09]} Rc8 {[%emt 0:01:20]} 29. Qd2 {[%emt 0:01:53]} Rc7 {[%emt 0:00:35]} 30. Nb3 {[%emt 0:02:46]} Qc8 {[%emt 0:01:41]} 31. a4 {[%emt 0:37:26]} Rc2 {[%emt 0:31:06]} 32. Qd1 {[%emt 0:01:47]} h6 {[%emt 0:02:50]} 33. a5 {[%emt 0:05:26]} Ra2 {[%emt 0:01:54]} 34. Nc5 {[%emt 0:01:04]} Nxc5 {[%emt 0:01:37]} 35. Rxc5 {[%emt 0:00:45]} Qb8 {[%emt 0:00:42]} 36. Rc2 {[%emt 0:02:53]} 1/2-1/2

[Event "DMP Ekstraliga 2020"]
[Site "Krakow"]
[Date "2020.09.01"]
[Round "7.28"]
[White "Bartel, Michal"]
[Black "Sadzikowski, Daniel"]
[Result "1/2-1/2"]
[WhiteElo "2274"]
[BlackElo "2522"]
[Annotator "RC"]
[PlyCount "52"]
[EventDate "2020.08.26"]
[EventType "team-tourn"]
[EventCountry "POL"]
[SourceTitle "playchess.com"]
[Source "ChessBase"]
[SourceQuality "1"]
[WhiteTeam "Wrzos Miedzyborow"]
[BlackTeam "HETMAN Katowice"]
[TimeControl "30/5400+30:1800+30"]

1. e4 {[%emt 0:00:00]} e6 {[%emt 0:00:00]} 2. d4 {[%emt 0:00:46]} d5 {[%emt 0:00:00]} 3. Nc3 {[%emt 0:00:12]} Nf6 {[%emt 0:00:25]} 4. Bg5 {[%emt 0:04:48]} Bb4 {[%emt 0:00:25]} 5. e5 {[%emt 0:03:10]} h6 {[%emt 0:00:11]} 6. Bh4 {[%emt 0:03:33]} g5 {[%emt 0:00:06]} 7. Bg3 {[%emt 0:00:02]} Ne4 {[%emt 0:00:57]} 8. Nge2 {[%emt 0:01:03]} c5 {[%emt 0:07:01]} 9. a3 {[%emt 0:03:47]} Bxc3+ {[%emt 0:13:40]} 10. Nxc3 {[%emt 0:01:44]} cxd4 {[%emt 0:11:23]} 11. Qxd4 {[%emt 0:01:20]} Nc6 {[%emt 0:00:15]} 12. Bb5 {[%emt 0:00:16]} Nxc3 {[%emt 0:11:01]} 13. Qxc3 {[%emt 0:00:28]} Qb6 {[%emt 0:00:34]} 14. Bxc6+ {[%emt 0:01:31]} Qxc6 {[%emt 0:00:46]} 15. Qxc6+ {[%emt 0:00:13]} bxc6 {[%emt 0:00:02]} 16. h4 {[%emt 0:00:30]} Rg8 {[%emt 0:04:48]} 17. hxg5 {[%emt 0:00:10]} hxg5 {[%emt 0:00:02]} 18. Kd2 {[%emt 0:04:26]} c5 {[%emt 0:00:40]} 19. b4 {[%emt 0:00:09]} Ba6 {[%emt 0:01:42]} 20. Rab1 {[%emt 0:03:11]} cxb4 {[%emt 0:05:23]} 21. axb4 {[%emt 0:00:41]} Bb5 {[%emt 0:00:39]} 22. f3 {[%emt 0:01:11]} d4 {[%emt 0:04:23]} 23. Bf2 {[%emt 0:01:32]} O-O-O {[%emt 0:00:19]} 24. Rh7 {[%emt 0:01:48]} g4 {[%emt 0:01:43]} 25. Rxf7 {[%emt 0:04:14]} gxf3 {[%emt 0:08:00]} 26. Rxf3 {[%emt 0:00:42]} Rxg2 {[%emt 0:04:13]} 1/2-1/2